000 00812nam a22002411a 4500
001 78083136
005 20140620020003.0
008 700319s1970 njua 000 0 eng
020 _a0132892642
021 _a0132892561
040 _aDLC
_cDLC
_dDLC
050 0 0 _aLB1027
_b.P717
082 0 0 _aLB 1027.P717 1970
100 1 _aPopham, W. James.
245 1 0 _aEstablishing instructional goals
_c[by] W. James Popham [and] Eva L. Baker.
_d[by] W. James Popham [and] Eva L. Baker.
_h[Text]
260 _aEnglewood Cliffs, NJ
_bPrentice-Hall
_c[1970]
300 _axvii, 130 p. illus. 24 cm.
650 0 _aTeaching
_xHandbooks, manuals, etc.
700 1 _aBaker, Eva L.,
_ejoint author.
906 _a7
_bcbc
_corignew
_du
_encip
_f19
_gy-gencatlg
991 _bc-GenColl
_hLB1027
_i.P717
_tCopy 1
_wBOOKS
942 0 0 _01
999 _c35202
_d35202